| 000 | 00616nam a22001937a 4500 | ||
|---|---|---|---|
| 999 |
_c182672 _d182672 |
||
| 005 | 20211201154759.0 | ||
| 010 | _aENG-130154 | ||
| 020 |
_a978-93-89253-34-4 _c499.00 |
||
| 035 | _aEN-113686 | ||
| 037 | _bDBAD/PUB | ||
| 082 | _a822.914 | ||
| 100 | _aPadmanabhan, Manjula. | ||
| 245 |
_aBLOOD AND LAUGHTER _cMANJULA PADMANABHAN |
||
| 250 | _a2020 | ||
| 260 |
_aGurugram _bHachette Book Publishing India Pvt. Ltd _c2020 |
||
| 270 |
_a4th & 5th Floors, Corporate Centre _bGurugram _e122003 |
||
| 300 |
_axi,370p. _c21cm (hbk) _bAcknowledgement, Public History |
||
| 942 |
_2ddc _cEN _h822.914 _mMAN |
||